<?xml version="1.0" encoding="UTF-8"?><collection xmlns="info:lc/xmlns/marcxchange-v2"><record format="Unimarc" type="bibliographic"><leader>00627cam  22002051  450 </leader><controlfield tag="001">2024927</controlfield><controlfield tag="003">http://id.bnportugal.gov.pt/bib/porbase/2024927</controlfield><controlfield tag="005">20030428124500.0</controlfield><datafield ind1=" " ind2=" " tag="010"><subfield code="a">0-521-33825-5</subfield></datafield><datafield ind1=" " ind2=" " tag="035"><subfield code="1">55511</subfield></datafield><datafield ind1=" " ind2=" " tag="095"><subfield code="a">PTBN00162000</subfield></datafield><datafield ind1=" " ind2=" " tag="100"><subfield code="a">19880328d1986    k  y0pory0103    ba</subfield></datafield><datafield ind1="0" ind2=" " tag="101"><subfield code="a">eng</subfield></datafield><datafield ind1=" " ind2=" " tag="102"><subfield code="a">GB</subfield></datafield><datafield ind1="1" ind2=" " tag="200"><subfield code="a">Limited dependent and qualitative variables in econometrics</subfield><subfield code="f">G. S. Maddala</subfield></datafield><datafield ind1=" " ind2=" " tag="210"><subfield code="a">Cambridge</subfield><subfield code="c">University Press</subfield><subfield code="d">1986</subfield></datafield><datafield ind1=" " ind2=" " tag="215"><subfield code="a">XI, 401 p.</subfield><subfield code="d">23 cm</subfield></datafield><datafield ind1="2" ind2=" " tag="225"><subfield code="a">Econometric society monographs</subfield><subfield code="v">3</subfield></datafield><datafield ind1=" " ind2=" " tag="675"><subfield code="a">330.115</subfield><subfield code="v">med</subfield><subfield code="z">fre</subfield><subfield code="3">307098</subfield></datafield><datafield ind1=" " ind2="1" tag="700"><subfield code="a">Maddala</subfield><subfield code="b">G. S.</subfield><subfield code="3">161600</subfield></datafield><datafield ind1=" " ind2="0" tag="801"><subfield code="a">PT</subfield><subfield code="b">BN</subfield><subfield code="g">RPC</subfield></datafield><datafield ind1=" " ind2=" " tag="977"><subfield code="1">BGUM 330.115</subfield><subfield code="2">coop</subfield><subfield code="4">UMSD</subfield><subfield code="6">mq252774</subfield><subfield code="7">bc</subfield><subfield code="8">coop</subfield><subfield code="9">UMSD</subfield><subfield code="b">39899/EG</subfield><subfield code="k">0</subfield></datafield></record></collection>